[Event "WLS-ch 69th"]
[Site "Cardiff"]
[Date "2025.04.21"]
[Round "7"]
[White "Turner, Joseph David"]
[Black "Spice, Alan"]
[Result "0-1"]
[WhiteElo "1819"]
[BlackElo "1999"]
[PlyCount "117"]
[EventDate "2025.04.18"]
[EventType "swiss"]
[EventRounds "7"]
[EventCountry "WLS"]
[SourceTitle "CB17_2025"]
[SourceDate "2025.04.23"]
[SourceVersion "1"]
[SourceVersionDate "2025.04.23"]
[SourceQuality "1"]

1. e4 e6 2. d4 d5 3. Bd3 dxe4 4. Bxe4 Nf6 5. Bf3 c5 6. Ne2 Nc6 7. c3 cxd4 8. cxd4 e5 9. Bxc6+ bxc6 10. 0-0 Bd6 11. dxe5 Bxe5 12. Qxd8+ Kxd8 13. Rd1+ Bd7 14. Nbc3 Rb8 15. Nd4 Kc8 16. f4 Bc7 17. Na4 Rb4 18. b3 Rd8 19. Ba3 Rxa4 20. bxa4 Bg4 21. Nf3 Bb6+ 22. Kh1 Rxd1+ 23. Rxd1 Ne4 24. Ra1 Nf2+ 25. Kg1 Nd3+ 26. Kf1 Nxf4 27. Bd6 Nd5 28. a5 Bxa5 29. Bc5 Bc3 30. Rc1 Bxf3 31. gxf3 a5 32. Bf2 Kd7 33. Be1 Bb4 34. Ke2 Nf4+ 35. Kf1 Nd5 36. Bxb4 axb4 37. Kf2 Kd6 38. Rc2 c5 39. Ke2 f5 40. Kd3 g5 41. Rd2 Kc6 42. Kc4 Ne3+ 43. Kb3 h5 44. Rd8 g4 45. fxg4 hxg4 46. Rc8+ Kd5 47. Rd8+ Ke4 48. Rc8 Kd4 49. Rd8+ Nd5 50. Rh8 c4+ 51. Kb2 f4 52. Rh4 Ne3 53. h3 f3 54. hxg4 f2 55. g5+ Ke5 56. Rh1 Kf5 57. a4 bxa3+ 58. Kxa3 Kxg5 59. Kb2 0-1

[Event "WLS-ch 69th"]
[Site "Cardiff"]
[Date "2025.04.19"]
[Round "3"]
[White "Korovski, Georgi"]
[Black "Turner, Joseph David"]
[Result "1-0"]
[WhiteElo "1697"]
[BlackElo "1819"]
[PlyCount "73"]
[EventDate "2025.04.18"]
[EventType "swiss"]
[EventRounds "7"]
[EventCountry "WLS"]
[SourceTitle "CB17_2025"]
[SourceDate "2025.04.23"]
[SourceVersion "1"]
[SourceVersionDate "2025.04.23"]
[SourceQuality "1"]

1. e4 e5 2. Nf3 Nc6 3. Bb5 a6 4. Ba4 d6 5. 0-0 Bg4 6. h3 h5 7. c3 Qf6 8. d3 Bxf3 9. Qxf3 Qxf3 10. gxf3 Nge7 11. f4 exf4 12. Bxf4 g5 13. Be3 b5 14. Bd1 g4 15. a4 b4 16. hxg4 hxg4 17. Nd2 bxc3 18. bxc3 Bg7 19. d4 Rg8 20. Bc2 Ng6 21. Kg2 Nce7 22. Rh1 c5 23. Rab1 cxd4 24. cxd4 Nc6 25. Nb3 Nb4 26. Bd1 Nd3 27. Kg3 d5 28. Nd2 dxe4 29. Nxe4 Rd8 30. Bg5 Rxd4 31. Rb8+ Kd7 32. Rxg8 Be5+ 33. f4 Ndxf4 34. Rd8+ Kc7 35. Rxd4 Ne2+ 36. Kxg4 Nxd4 37. Rh7 1-0

[Event "WLS-ch 69th"]
[Site "Cardiff"]
[Date "2025.04.18"]
[Round "2"]
[White "Turner, Joseph David"]
[Black "Jukes, Sam"]
[Result "1/2-1/2"]
[WhiteElo "1819"]
[BlackElo "1951"]
[PlyCount "100"]
[EventDate "2025.04.18"]
[EventType "swiss"]
[EventRounds "7"]
[EventCountry "WLS"]
[SourceTitle "CB17_2025"]
[SourceDate "2025.04.23"]
[SourceVersion "1"]
[SourceVersionDate "2025.04.23"]
[SourceQuality "1"]

1. e4 c5 2. Nf3 Nc6 3. d4 cxd4 4. Nxd4 Nf6 5. Nc3 e5 6. Ndb5 d6 7. Bg5 a6 8. Bxf6 gxf6 9. Na3 b5 10. Nd5 Bg7 11. g3 Ne7 12. Bg2 Nxd5 13. Qxd5 Ra7 14. Rd1 Be6 15. Qc6+ Qd7 16. Rxd6 Qxc6 17. Rxc6 Kd7 18. Rc3 b4 19. Rd3+ Kc6 20. Nb1 Bxa2 21. Nd2 Be6 22. f4 Rd7 23. f5 Rxd3 24. cxd3 Bc8 25. Nc4 Kc5 26. Ke2 Bd7 27. Rc1 Bh6 28. Ne3+ Kd6 29. Ra1 Bxe3 30. Rxa6+ Ke7 31. Kxe3 Rc8 32. d4 exd4+ 33. Kxd4 Rc2 34. Bf1 Rxb2 35. Bc4 Rxh2 36. Ra7 Kd6 37. Bxf7 Rd2+ 38. Kc4 b3 39. Kxb3 Rd3+ 40. Kc4 Rxg3 41. Kd4 Bb5 42. Bc4 Bxc4 43. Kxc4 Ke5 44. Re7+ Kf4 45. Kd5 h5 46. Ke6 Kxe4 47. Kxf6+ Kf4 48. Ra7 Rg4 49. Ra4+ Kg3 50. Rxg4+ hxg4 1/2-1/2

[Event "Newport op"]
[Site "Newport"]
[Date "2024.08.18"]
[Round "5"]
[White "Szakmany, Bence"]
[Black "Turner, Joseph David"]
[Result "1-0"]
[WhiteElo "1901"]
[BlackElo "1862"]
[PlyCount "87"]
[EventDate "2024.08.16"]
[EventType "swiss"]
[EventRounds "5"]
[EventCountry "WLS"]
[SourceTitle "EXT 2025"]
[Source "ChessBase"]
[SourceDate "2024.10.14"]
[SourceVersion "1"]
[SourceVersionDate "2024.10.14"]
[SourceQuality "1"]

1. e4 e5 2. Nf3 Nc6 3. Bb5 a6 4. Ba4 d6 5. 0-0 Bg4 6. h3 Bh5 7. c3 b5 8. Bb3 Qf6 9. g4 Bg6 10. Bd5 Kd7 11. d4 Qd8 12. dxe5 h5 13. Bxc6+ Kxc6 14. Qd5+ Kb6 15. Be3+ c5 16. b4 hxg4 17. exd6 Ka7 18. bxc5 Kb8 19. Ne5 Nf6 20. Nc6+ Kc8 21. Nxd8 Nxd5 22. exd5 Kxd8 23. hxg4 Be4 24. f3 Bxd5 25. a4 f5 26. gxf5 Rh5 27. Nd2 Rxf5 28. axb5 axb5 29. Rxa8+ Bxa8 30. f4 g6 31. Nb3 Bd5 32. Nd4 Rh5 33. Kf2 Rh2+ 34. Ke1 Kd7 35. Rg1 Rh3 36. Bd2 Bc4 37. Rxg6 Rh1+ 38. Kf2 Rd1 39. c6+ Kd8 40. Ke3 Rh1 41. Ne6+ Bxe6 42. Rxe6 Bh6 43. d7 Bxf4+ 44. Kxf4 1-0

[Event "Newport op"]
[Site "Newport"]
[Date "2024.08.18"]
[Round "4"]
[White "Turner, Joseph David"]
[Black "Jukes, Sam"]
[Result "1/2-1/2"]
[WhiteElo "1862"]
[BlackElo "1915"]
[PlyCount "85"]
[EventDate "2024.08.16"]
[EventType "swiss"]
[EventRounds "5"]
[EventCountry "WLS"]
[SourceTitle "EXT 2025"]
[Source "ChessBase"]
[SourceDate "2024.10.14"]
[SourceVersion "1"]
[SourceVersionDate "2024.10.14"]
[SourceQuality "1"]

1. e4 e5 2. f4 exf4 3. Nf3 d6 4. Bc4 Nc6 5. d4 Bg4 6. Bxf4 Qf6 7. Be3 Bxf3 8. Qxf3 Qxf3 9. gxf3 g6 10. c3 Bh6 11. Bxh6 Nxh6 12. Na3 f5 13. 0-0 fxe4 14. fxe4 Nd8 15. Nb5 Kd7 16. e5 d5 17. Bb3 a6 18. Na3 c6 19. c4 Nf5 20. cxd5 Nxd4 21. dxc6+ Kxc6 22. Rf6+ Kc7 23. Rc1+ N8c6 24. Rf7+ Kb8 25. Re1 Nd8 26. Rf4 Nxb3 27. axb3 b5 28. e6 Re8 29. e7 Nc6 30. Rf7 Kc8 31. Rxh7 Ra7 32. Re6 Nd4 33. Rxg6 Nxb3 34. h4 Nc5 35. Rc6+ Rc7 36. Rxc7+ Kxc7 37. Nc2 Kd7 38. Kg2 Rxe7 39. Rxe7+ Kxe7 40. Kf3 Kf6 41. b4 Nb3 42. Ke4 a5 43. bxa5 1/2-1/2

[Event "WLS-chA 68th"]
[Site "Cardiff"]
[Date "2024.03.30"]
[Round "3"]
[White "Tuson, Jon"]
[Black "Turner, Joseph David"]
[Result "1-0"]
[WhiteElo "1891"]
[BlackElo "1912"]
[PlyCount "73"]
[EventDate "2024.03.29"]
[EventType "swiss"]
[EventRounds "7"]
[EventCountry "WLS"]
[SourceTitle "CBM 219 Extra"]
[Source "ChessBase"]
[SourceDate "2024.05.31"]
[SourceVersion "1"]
[SourceVersionDate "2024.05.31"]
[SourceQuality "1"]

1. d4 Nf6 2. c4 g6 3. Nc3 Bg7 4. e4 d6 5. f3 0-0 6. Be3 c6 7. Bd3 d5 8. e5 Nfd7 9. Nge2 f6 10. f4 Nb6 11. b3 Be6 12. c5 Nc8 13. 0-0 fxe5 14. fxe5 Rxf1+ 15. Qxf1 b6 16. Nf4 Qd7 17. b4 a5 18. b5 bxc5 19. bxc6 Nxc6 20. Nxe6 Qxe6 21. Nxd5 cxd4 22. Nc7 Qxe5 23. Bf4 Qh5 24. Nxa8 e5 25. Bd2 Nd6 26. Rc1 Ne7 27. Rc7 Nef5 28. Bxf5 gxf5 29. Bxa5 e4 30. Bb4 Be5 31. g3 d3 32. Bxd6 Bxd6 33. Rc8+ Kf7 34. Qc1 Qf3 35. Nc7 Kg6 36. Ne6 Kh5 37. Qg5# 1-0

[Event "South Wales op 18th"]
[Site "Bridgend"]
[Date "2023.07.11"]
[Round "8"]
[White "Turner, Joseph David"]
[Black "Wilson, Matthew R"]
[Result "1-0"]
[WhiteElo "1857"]
[BlackElo "1762"]
[PlyCount "51"]
[EventDate "2023.07.07"]
[EventType "swiss"]
[EventRounds "9"]
[EventCountry "WLS"]
[SourceTitle "CBM 215 Extra"]
[Source "ChessBase"]
[SourceDate "2023.09.30"]
[SourceVersion "1"]
[SourceVersionDate "2023.09.30"]
[SourceQuality "1"]

1. e4 e5 2. f4 exf4 3. Bc4 Qh4+ 4. Kf1 Nf6 5. Nf3 Qh5 6. Nc3 d6 7. d4 Be6 8. Be2 Qh6 9. d5 Bd7 10. Qd4 c5 11. Qd2 Nh5 12. Kf2 g5 13. h4 g4 14. Ng5 Bg7 15. Nb5 Bxb5 16. Bxb5+ Kf8 17. c3 Be5 18. Qd1 Ng3 19. Qxg4 Nxh1+ 20. Kg1 Ng3 21. Bxf4 Bxf4 22. Qxf4 Qg6 23. Qxg3 Kg7 24. h5 Qxh5 25. Ne6+ Kh6 26. Qg7# 1-0

[Event "South Wales op 18th"]
[Site "Bridgend"]
[Date "2023.07.09"]
[Round "4"]
[White "Turner, Joseph David"]
[Black "Di Vetta, Andrew"]
[Result "1/2-1/2"]
[WhiteElo "1857"]
[BlackElo "1634"]
[PlyCount "105"]
[EventDate "2023.07.07"]
[EventType "swiss"]
[EventRounds "9"]
[EventCountry "WLS"]
[SourceTitle "CBM 215 Extra"]
[Source "ChessBase"]
[SourceDate "2023.09.30"]
[SourceVersion "1"]
[SourceVersionDate "2023.09.30"]
[SourceQuality "1"]

1. e4 c5 2. Nf3 d6 3. d4 cxd4 4. Nxd4 Nf6 5. Nc3 a6 6. Be2 e6 7. Be3 Be7 8. 0-0 0-0 9. a4 Nc6 10. h3 Qc7 11. Nxc6 bxc6 12. a5 c5 13. g4 Bb7 14. Qd3 Qc6 15. f3 Nd7 16. f4 Rac8 17. Bf3 c4 18. Qe2 Qc7 19. g5 f5 20. exf5 Bxf3 21. Rxf3 Rxf5 22. Bd4 Nf8 23. Ne4 d5 24. Ng3 Rxf4 25. Be5 Qc5+ 26. Kh1 Rxf3 27. Qxf3 Bxg5 28. Nh5 Qe3 29. Qxe3 Bxe3 30. Bxg7 Rc6 31. Rf1 Ng6 32. Bc3 e5 33. Nf6+ Kg7 34. Nxd5 Bd4 35. Bxd4 exd4 36. Rd1 Re6 37. Rxd4 Re1+ 38. Kh2 Re2+ 39. Kg3 Rxc2 40. Ne3 Rxb2 41. Rxc4 Rb3 42. Kf2 Rb5 43. Rc7+ Kh6 44. Ng4+ Kg5 45. Rxh7 Rxa5 46. Ne3 Ra2+ 47. Ke1 Nf4 48. Rg7+ Kf6 49. Ra7 Nxh3 50. Nd5+ Ke5 51. Nb4 Ra1+ 52. Kd2 Ra4 53. Kc3 1/2-1/2

[Event "Cardiff Welsh Spring op"]
[Site "Cardiff"]
[Date "2023.03.05"]
[Round "5"]
[White "Head, Elliot"]
[Black "Turner, Joseph David"]
[Result "0-1"]
[WhiteElo "1168"]
[BlackElo "1867"]
[PlyCount "44"]
[EventDate "2023.03.04"]
[EventType "swiss"]
[EventRounds "5"]
[EventCountry "WLS"]
[SourceTitle "EXT 2024"]
[Source "ChessBase"]
[SourceDate "2023.10.10"]
[SourceVersion "1"]
[SourceVersionDate "2023.10.10"]
[SourceQuality "1"]

1. e4 e5 2. Nc3 Nf6 3. f4 d5 4. fxe5 Nxe4 5. Qf3 Nc6 6. Bb5 Be6 7. Nxe4 dxe4 8. Qxe4 Bd5 9. Qe2 Qh4+ 10. Qf2 Qe4+ 11. Ne2 0-0-0 12. d4 Be7 13. Kd1 Nxd4 14. Bd3 Qxg2 15. Qxg2 Bxg2 16. Rg1 Bf3 17. Rxg7 Nxe2 18. Rxf7 Nf4+ 19. Kd2 Bg5 20. Ke3 Nxd3+ 21. Kxf3 Nxe5+ 22. Ke4 Nxf7 0-1

[Event "Cardiff Welsh Spring op"]
[Site "Cardiff"]
[Date "2023.03.04"]
[Round "3"]
[White "Sadiq, Ayodele"]
[Black "Turner, Joseph David"]
[Result "1-0"]
[WhiteElo "2006"]
[BlackElo "1867"]
[PlyCount "101"]
[EventDate "2023.03.04"]
[EventType "swiss"]
[EventRounds "5"]
[EventCountry "WLS"]
[SourceTitle "EXT 2024"]
[Source "ChessBase"]
[SourceDate "2023.10.10"]
[SourceVersion "1"]
[SourceVersionDate "2023.10.10"]
[SourceQuality "1"]

1. e4 e5 2. Nf3 Nc6 3. Bc4 Bc5 4. d4 exd4 5. c3 Qe7 6. 0-0 Ne5 7. Nxe5 Qxe5 8. Qb3 Qh5 9. Bd2 Nf6 10. Bf4 0-0 11. Bxc7 Nxe4 12. Bd5 Ng5 13. Bxb7 Bxb7 14. Qxb7 Qe2 15. cxd4 Bxd4 16. Nc3 Qg4 17. Kh1 Rfe8 18. Rad1 Bxc3 19. bxc3 Qc4 20. Be5 d6 21. Bg3 Ne4 22. Qb3 Qxc3 23. Bxd6 Rad8 24. Qxc3 Nxc3 25. Rde1 Re6 26. Bc5 Nxa2 27. Bxa7 Nb4 28. Rxe6 fxe6 29. g3 Kf7 30. Rb1 Nc6 31. Rb7+ Kf6 32. Be3 h6 33. Kg2 Rd5 34. Bc1 Nd8 35. Rc7 g5 36. Bb2+ e5 37. Kf3 Ne6 38. Rc6 Rc5 39. Rb6 Rc4 40. h3 h5 41. Ke3 Kf5 42. Kd3 Rc7 43. Rd6 Nc5+ 44. Ke3 Na4 45. f3 g4 46. hxg4+ hxg4 47. fxg4+ Kxg4 48. Bxe5 Kf5 49. Bd4 Nc3 50. Kf3 Rf7 51. Bxc3 1-0

[Event "South Wales New Year op"]
[Site "Bridgend"]
[Date "2023.01.08"]
[Round "4"]
[White "Turner, Joseph David"]
[Black "Penny, Liam"]
[Result "1-0"]
[WhiteElo "1871"]
[BlackElo "1798"]
[PlyCount "43"]
[EventDate "2023.01.06"]
[EventType "swiss"]
[EventRounds "5"]
[EventCountry "WLS"]
[SourceTitle "EXT 2024"]
[Source "ChessBase"]
[SourceDate "2023.10.10"]
[SourceVersion "1"]
[SourceVersionDate "2023.10.10"]
[SourceQuality "1"]

1. e4 d5 2. exd5 Nf6 3. Be2 Nxd5 4. d4 Bf5 5. a3 e6 6. c4 Nb6 7. Nc3 Be7 8. Nf3 0-0 9. Be3 c6 10. h3 N8d7 11. g4 Bg6 12. h4 h6 13. g5 hxg5 14. hxg5 c5 15. d5 exd5 16. cxd5 Re8 17. d6 Bf8 18. Nh4 Bh7 19. g6 fxg6 20. Bc4+ Nxc4 21. Qd5+ Kh8 22. Nxg6# 1-0

[Event "South Wales New Year op"]
[Site "Bridgend"]
[Date "2023.01.07"]
[Round "3"]
[White "Fathallah, Joe"]
[Black "Turner, Joseph David"]
[Result "1-0"]
[WhiteElo "1971"]
[BlackElo "1871"]
[PlyCount "96"]
[EventDate "2023.01.06"]
[EventType "swiss"]
[EventRounds "5"]
[EventCountry "WLS"]
[SourceTitle "EXT 2024"]
[Source "ChessBase"]
[SourceDate "2023.10.10"]
[SourceVersion "1"]
[SourceVersionDate "2023.10.10"]
[SourceQuality "1"]

1. d4 Nf6 2. c4 g6 3. Nc3 Bg7 4. e4 d6 5. f3 0-0 6. Be3 Na6 7. Qd2 Nd7 8. Nge2 e5 9. d5 Ndc5 10. 0-0-0 Bd7 11. g4 Nb4 12. Kb1 a5 13. Ng3 f5 14. gxf5 gxf5 15. Nh5 f4 16. Bxc5 dxc5 17. Nxg7 Kxg7 18. Qf2 Na6 19. Bd3 Qf6 20. Rdg1+ Kh8 21. Bc2 Rg8 22. Ba4 Bh3 23. Bb5 Nb4 24. Qxc5 Bg2 25. Rxg2 Rxg2 26. Qxc7 Rag8 27. Ba4 b6 28. d6 Qd8 29. Qxd8 Rxd8 30. Rd1 Rxh2 31. d7 Rh6 32. Bb5 Kg7 33. Na4 Nc6 34. Nxb6 Nd4 35. Na4 Nxf3 36. c5 Nd4 37. Rxd4 exd4 38. c6 Rxc6 39. Bxc6 Kf6 40. Nc5 f3 41. e5+ Kxe5 42. Bxf3 Kf6 43. Bg4 Ke7 44. Kc2 Rg8 45. Nb7 h5 46. Bh3 h4 47. d8Q+ Rxd8 48. Nxd8 Kxd8 1-0

[Event "Swansea West Wales op"]
[Site "Swansea"]
[Date "2022.11.13"]
[Round "5"]
[White "Turner, Joseph David"]
[Black "Bennett, Tom1"]
[Result "1-0"]
[WhiteElo "1868"]
[BlackElo "1616"]
[PlyCount "37"]
[EventDate "2022.11.11"]
[EventType "swiss"]
[EventRounds "5"]
[EventCountry "WLS"]
[SourceTitle "EXT 2024"]
[Source "ChessBase"]
[SourceDate "2023.10.10"]
[SourceVersion "1"]
[SourceVersionDate "2023.10.10"]
[SourceQuality "1"]

1. e4 c5 2. Nc3 e6 3. Nf3 Nc6 4. Bb5 Qc7 5. d4 cxd4 6. Nxd4 a6 7. Be2 Bb4 8. 0-0 b5 9. a4 Bxc3 10. bxc3 bxa4 11. Nxc6 Qxc6 12. Qd4 Nf6 13. e5 Bb7 14. Bf3 Ne4 15. Re1 f5 16. exf6 d5 17. fxg7 Rg8 18. Rxe4 dxe4 19. Bh5+ 1-0

[Event "Witney op-A 9th"]
[Site "Witney"]
[Date "2022.11.06"]
[Round "4"]
[White "Turner, Joseph David"]
[Black "Gardiner, Eric D"]
[Result "0-1"]
[WhiteElo "1874"]
[BlackElo "1915"]
[PlyCount "48"]
[EventDate "2022.11.05"]
[EventType "swiss"]
[EventRounds "5"]
[EventCountry "ENG"]
[SourceTitle "CBM 211 Extra"]
[Source "ChessBase"]
[SourceDate "2023.01.31"]
[SourceVersion "1"]
[SourceVersionDate "2023.01.31"]
[SourceQuality "1"]

1. e4 c6 2. Nc3 d5 3. Nf3 dxe4 4. Nxe4 Nf6 5. Qe2 Nxe4 6. Qxe4 Nd7 7. Bc4 Nf6 8. Ne5 e6 9. Qe2 b5 10. Bb3 Qc7 11. d4 Bd6 12. Bg5 a5 13. a4 b4 14. 0-0-0 Nd5 15. Bxd5 cxd5 16. Qb5+ Kf8 17. Be3 f6 18. Qc6 Qxc6 19. Nxc6 Bb7 20. Nxa5 Rxa5 21. b3 Kf7 22. f3 Ra6 23. g4 Rc6 24. h4 Rhc8 0-1

[Event "Witney op-A 9th"]
[Site "Witney"]
[Date "2022.11.05"]
[Round "3"]
[White "Moss, Thomas D"]
[Black "Turner, Joseph David"]
[Result "0-1"]
[WhiteElo "1574"]
[BlackElo "1874"]
[PlyCount "84"]
[EventDate "2022.11.05"]
[EventType "swiss"]
[EventRounds "5"]
[EventCountry "ENG"]
[SourceTitle "CBM 211 Extra"]
[Source "ChessBase"]
[SourceDate "2023.01.31"]
[SourceVersion "1"]
[SourceVersionDate "2023.01.31"]
[SourceQuality "1"]

1. e4 e5 2. Nf3 Nc6 3. Bc4 Bc5 4. c3 f5 5. d3 Nf6 6. Qe2 fxe4 7. dxe4 Qe7 8. b4 Bb6 9. Bg5 d6 10. 0-0 a5 11. b5 Nd8 12. Na3 Ne6 13. Nc2 Nxg5 14. Nxg5 h6 15. Nf3 Bg4 16. Ne3 Bh5 17. Nf5 Qf8 18. Qd3 g5 19. Bd5 0-0-0 20. Be6+ Kb8 21. Nd2 Bg6 22. Qc4 d5 23. exd5 Bxf5 24. Bxf5 Nxd5 25. Be4 Nf4 26. Nf3 Qf6 27. Rae1 Rhe8 28. Bxb7 Kxb7 29. Qe4+ Ka7 30. Nxe5 Rxe5 31. Qxe5 Qxe5 32. Rxe5 Rd2 33. a4 Bxf2+ 34. Rxf2 Rxf2 35. Re7 Rxg2+ 36. Kf1 Kb7 37. c4 Re2 38. Rxe2 Nxe2 39. Kxe2 Kb6 40. Kd3 Kc5 41. Ke4 Kxc4 42. Ke5 Kb4 0-1

[Event "South Wales Autumn op"]
[Site "Cardiff"]
[Date "2022.10.15"]
[Round "3"]
[White "Brown, Thomas"]
[Black "Turner, Joseph David"]
[Result "1-0"]
[WhiteElo "2115"]
[BlackElo "1865"]
[PlyCount "64"]
[EventDate "2022.10.15"]
[EventType "swiss"]
[EventRounds "5"]
[EventCountry "WLS"]
[SourceTitle "EXT 2024"]
[Source "ChessBase"]
[SourceDate "2023.10.10"]
[SourceVersion "1"]
[SourceVersionDate "2023.10.10"]
[SourceQuality "1"]

1. d4 Nf6 2. c4 g6 3. Nc3 Bg7 4. e4 d6 5. Nf3 0-0 6. Be2 Na6 7. 0-0 e5 8. Be3 Ng4 9. Bg5 f6 10. Bh4 Qe8 11. h3 Nh6 12. Re1 Kh8 13. Rb1 g5 14. Bg3 Be6 15. d5 Bd7 16. b4 Rd8 17. Nb5 Qe7 18. Qd2 Bxb5 19. cxb5 Nb8 20. Rb3 c6 21. bxc6 bxc6 22. dxc6 Nxc6 23. b5 Nd4 24. Nxd4 exd4 25. Bc4 Rfe8 26. f3 Qc7 27. Qxd4 f5 28. Qd5 f4 29. Bf2 Re5 30. Qd3 Qa5 31. Ra3 Qc7 32. Rxa7 Qb8 1-0

[Event "South Wales Late Summer op"]
[Site "Cardiff"]
[Date "2022.09.04"]
[Round "5"]
[White "Turner, Joseph David"]
[Black "Guy, David T"]
[Result "1/2-1/2"]
[WhiteElo "1874"]
[BlackElo "1858"]
[PlyCount "71"]
[EventDate "2022.09.02"]
[EventType "swiss"]
[EventRounds "5"]
[EventCountry "WLS"]
[SourceTitle "EXT 2024"]
[Source "ChessBase"]
[SourceDate "2023.10.10"]
[SourceVersion "1"]
[SourceVersionDate "2023.10.10"]
[SourceQuality "1"]

1. e4 e5 2. f4 exf4 3. Bc4 Nc6 4. d4 Qh4+ 5. Kf1 g5 6. Nf3 Qh6 7. d5 Nd8 8. Nc3 a6 9. e5 Bc5 10. Ne4 d6 11. exd6 Bxd6 12. Qe2 Ne7 13. Nfxg5 Bf5 14. h4 f6 15. Qh5+ Qxh5 16. Nxf6+ Kf8 17. Nxh5 Bxc2 18. Bxf4 b5 19. Be2 h6 20. Ne6+ Nxe6 21. dxe6 Bf5 22. Bxd6 cxd6 23. Nf4 Rc8 24. Rd1 d5 25. g4 Be4 26. Rh2 Kg7 27. Nh5+ Kg6 28. Bd3 Rhf8+ 29. Ke1 Bxd3 30. Rxd3 Rc1+ 31. Kd2 Rff1 32. Re2 b4 33. Nf4+ Kf6 34. Nh5+ Kg6 35. Nf4+ Kf6 36. Nh5+ 1/2-1/2

[Event "South Wales op 17th"]
[Site "Bridgend"]
[Date "2022.07.11"]
[Round "7"]
[White "Turner, Joseph David"]
[Black "Skettos, Nicolas"]
[Result "1/2-1/2"]
[WhiteElo "1869"]
[BlackElo "1972"]
[PlyCount "136"]
[EventDate "2022.07.07"]
[EventType "swiss"]
[EventRounds "9"]
[EventCountry "WLS"]
[SourceTitle "CBM 209 Extra"]
[Source "ChessBase"]
[SourceDate "2022.09.30"]
[SourceVersion "1"]
[SourceVersionDate "2022.09.30"]
[SourceQuality "1"]

1. e4 e6 2. d4 d5 3. Nd2 c5 4. Ngf3 cxd4 5. exd5 Qxd5 6. Bc4 Qd6 7. 0-0 Nf6 8. Nb3 Nc6 9. Nbxd4 Nxd4 10. Qxd4 Qxd4 11. Nxd4 Bc5 12. Bb5+ Bd7 13. Bxd7+ Nxd7 14. Nb3 Bb6 15. a4 a6 16. a5 Ba7 17. Re1 Rc8 18. c3 Ke7 19. Bf4 Rc4 20. g3 f6 21. Nd2 Rc6 22. Be3 Bb8 23. Nb3 Ne5 24. Nd4 Rd6 25. Kg2 Kf7 26. f4 Nc4 27. Bc1 Bc7 28. b4 Rhd8 29. Ra2 e5 30. fxe5 Nxe5 31. Re4 Nd3 32. Be3 g6 33. g4 R6d7 34. Ne6 Re8 35. Nc5 Rxe4 36. Nxe4 Re7 37. Nc5 Rxe3 38. Nxb7 Nf4+ 39. Kf1 Rxc3 40. Nc5 Nd3 41. Nxa6 Rb3 42. Nxc7 Nxb4 43. Ra4 Nc6 44. a6 Na7 45. Nd5 Ke6 46. Nf4+ Kd6 47. Ne2 Kc5 48. Ng3 Kb5 49. Rf4 Kxa6 50. Rxf6+ Rb6 51. g5 Nb5 52. Ne4 Nd4 53. Kg2 Kb5 54. Rxb6+ Kxb6 55. Nf6 Ne6 56. Nxh7 Kc6 57. Kf3 Kd5 58. Kg4 Kd6 59. h3 Ke7 60. Nf6 Kf7 61. Nd5 Kg7 62. Nf4 Nd4 63. h4 Kf7 64. Ng2 Ne6 65. Kf3 Nd4+ 66. Kf4 Ke6 67. Kg4 Kf7 68. Nf4 Nc6 1/2-1/2

[Event "WLS-ch 66th"]
[Site "Cardiff"]
[Date "2022.04.18"]
[Round "7"]
[White "Turner, Joseph David"]
[Black "Smith, Lynda"]
[Result "1-0"]
[WhiteElo "1888"]
[BlackElo "1772"]
[PlyCount "91"]
[EventDate "2022.04.15"]
[EventType "swiss"]
[EventRounds "7"]
[EventCountry "WLS"]
[SourceTitle "CBM 207 Extra"]
[Source "ChessBase"]
[SourceDate "2022.05.31"]
[SourceVersion "1"]
[SourceVersionDate "2022.05.31"]
[SourceQuality "1"]

1. e4 c5 2. b3 e6 3. Bb2 Nf6 4. e5 Nd5 5. c4 Nc7 6. Nc3 d5 7. exd6 Qxd6 8. Ne4 Qd8 9. Nf3 Nc6 10. Be2 Nd4 11. 0-0 Be7 12. Nxd4 cxd4 13. Qc2 0-0 14. Qd3 f5 15. Ng3 f4 16. Ne4 e5 17. f3 Bf5 18. Qb1 Bb4 19. Bd3 Qh4 20. Nf2 Bxd3 21. Qxd3 Ne6 22. Qe4 Bxd2 23. Qxe5 Qf6 24. Qxf6 Rxf6 25. Ng4 Be3+ 26. Kh1 Rff8 27. Rae1 Rfc8 28. g3 g5 29. Nh6+ Kg7 30. Nf5+ Kf8 31. gxf4 gxf4 32. Ba3+ Nc5 33. Rd1 d3 34. Nxe3 fxe3 35. Rxd3 e2 36. Re1 Kf7 37. Bxc5 Rxc5 38. Rxe2 Rg8 39. Rd7+ Kf6 40. Rd5 Rc7 41. Rg2 Re8 42. Rd6+ Kf7 43. Rgd2 Rce7 44. Rd7 Kf6 45. Rxe7 Rxe7 46. Kg2 1-0

[Event "South Wales New Year op"]
[Site "Bridgend"]
[Date "2020.01.05"]
[Round "5"]
[White "Turner, Joseph David"]
[Black "Dixon, Chris"]
[Result "1-0"]
[WhiteElo "1851"]
[BlackElo "1748"]
[PlyCount "89"]
[EventDate "2020.01.03"]
[EventType "swiss"]
[EventRounds "5"]
[EventCountry "WLS"]
[SourceTitle "EXT 2022"]
[Source "ChessBase"]
[SourceDate "2021.10.06"]
[SourceVersion "1"]
[SourceVersionDate "2021.10.06"]
[SourceQuality "1"]

1. e4 e5 2. Qh5 Qe7 3. Nc3 c6 4. Nf3 d6 5. h3 g6 6. Qh4 Qxh4 7. Nxh4 Bg7 8. Bc4 b5 9. Nxb5 Kd7 10. Nc3 Nh6 11. d3 Rf8 12. g4 Na6 13. Be3 Nc7 14. 0-0-0 Ne6 15. Ne2 c5 16. f4 Nd4 17. Nxd4 exd4 18. Bd2 Bb7 19. Rhg1 Ng8 20. f5 Be5 21. Nf3 Bc6 22. Ng5 Nf6 23. Nxf7 Ke7 24. Nxe5 dxe5 25. b4 Nd7 26. b5 Bb7 27. Bh6 Rfb8 28. fxg6 hxg6 29. Rdf1 a6 30. Rf7+ Kd6 31. Rgf1 axb5 32. Bxb5 Bc6 33. Bc4 Rb4 34. Bb3 Ba4 35. Bd5 Rab8 36. Bf8+ Kc7 37. Bb3 Bxb3 38. axb3 R4b5 39. R1f6 R5b6 40. Rxb6 Kxb6 41. Rxd7 Rxf8 42. Rd6+ Kb5 43. Rxg6 Rf1+ 44. Kb2 Rh1 45. Rh6 1-0

[Event "South Wales New Year op"]
[Site "Bridgend"]
[Date "2020.01.04"]
[Round "2"]
[White "Bennett, Tom1"]
[Black "Turner, Joseph David"]
[Result "0-1"]
[WhiteElo "1594"]
[BlackElo "1851"]
[PlyCount "40"]
[EventDate "2020.01.03"]
[EventType "swiss"]
[EventRounds "5"]
[EventCountry "WLS"]
[SourceTitle "EXT 2022"]
[Source "ChessBase"]
[SourceDate "2021.10.06"]
[SourceVersion "1"]
[SourceVersionDate "2021.10.06"]
[SourceQuality "1"]

1. b3 e5 2. Bb2 Nc6 3. e3 d5 4. Bb5 Bd6 5. Bxc6+ bxc6 6. d3 Nh6 7. h3 0-0 8. Ne2 c5 9. Nd2 f5 10. e4 c6 11. c4 fxe4 12. dxe4 Qf6 13. 0-0 Qh4 14. Ng3 Bg4 15. Qe1 Bxh3 16. gxh3 Qxh3 17. f3 Rf6 18. exd5 Rg6 19. Nde4 Nf5 20. Kf2 Qh2# 0-1